000 00603nam a2200169Ia 4500
003 GCL
008 140319s9999 xx 000 0 ara d
040 _aGCL /
_cGCL
082 0 4 _a621.3
_bع ت
100 1 _aعبدالمنعم موسى
245 1 0 _aالتاريض الوقائى والحماية من الصواعق /
_cعبدالمنعم موسى
260 _a[S.N] :
_bدار الراتب الجامعية ،
_c1993
300 _a231 ص
490 _aالاسس العلمية والخبرة العملية فى الهندسة
_v0
650 0 4 _aالهندسة الكهربية
942 _2ddc
_cBK
999 _c53106
_d53106